1. Si Veo A Tu Mama - Bad Bunny - Estadísticas

Estadísticas generales
  • Esta prueba ha sido intentada 65 veces
  • La puntuación promedio es 283 de 312
Estadísticas de respuestas
% Correcto
a
100%
la
100%
mamá
100%
por
100%
Por
100%
quiero
100%
si
100%
Si
100%
te
100%
100%
tu
100%
veo
100%
Y
100%
yo
100%
Yo
100%
Al
98%
alguien
98%
Alguien
98%
error
98%
es
98%
feliz
98%
haga
98%
lo
98%
me
98%
Me
98%
no
98%
No
98%
Pa
98%
pa
98%
pregunto
98%
que
98%
qué
98%
98%
se
98%
ti
98%
tienes
98%
Todavía
98%
va
98%
ver
98%
ya
98%
en
96%
las
96%
le
96%
los
96%
Pensando
96%
Porque
96%
sin
96%
un
96%
año
94%
arrebatao
94%
de
94%
estoy
94%
Maldito
94%
mejor
94%
metí
94%
nuevo
94%
Pero
94%
pero
94%
quieres
94%
extraño
92%
trabajo
92%
veces
92%
del
90%
privada
90%
Solo
90%
solo
90%
toa
90%
botaron
88%
con
88%
ey
88%
puse
88%
trajo
88%
beber
86%
estuve
86%
foto
86%
muchachos
86%
nada
86%
salí
86%
Son
86%
cinco
84%
engaño
84%
estar
84%
olvidé
84%
abajo
82%
amanecer
82%
dije
82%
hablar
82%
Hoy
82%
iba
82%
Llevo
82%
memes
82%
meses
82%
mirando
82%
seis
82%
solitario
82%
cabizbajo
80%
comparto
80%
contrario
80%
cuando
80%
diablos
80%
seas
80%
siempre
80%
voy
80%
aunque
78%
Diciendo
78%
diga
78%
llamar
78%
vida
78%
Baby
76%
borrao
76%
menos
76%
escribo
74%
he
74%
Conocí
72%
nunca
72%
encajo
70%
atajo
62%
prenden
62%
coger
60%
eh
60%
ultrajo
60%
Yeh
54%
yeh
54%
rebajo
52%
gordito
50%
ah
32%
mami
26%
uh
24%
hace
18%
nah
18%
okay
8%
No se encontraron pruebas coincidentes
Distribución de puntuación
Porcentaje de gente con cada puntuación
Porcentaje por número respondido
Historial de tus puntuaciones
No has intentado esta prueba.